000 01165nam a2200253Ia 4500
999 _c4930
_d4930
003 OSt
005 20200402130601.0
008 191128s2013 ck gr 001 0 spa d
020 _a9789588572994
040 _aCO-JMCR
_cCO-JMCR
041 0 _aspa
082 0 4 _a144 /
_bU53u
100 1 _aMolano Camargo, Milton,
_e autor
_92437
245 1 0 _aUna universidad humanista :
_blecturas para pensar, decidir y servir /
_cMilton Molano Camargo
250 _aprimera edición
260 _aBogotá :
_bUniversidad de La Salle,
_c2013
300 _a461 páginas ;
_c23 cm.
490 0 _aColección Pensamiento Lasallista
500 _aIncluye datos biográficos del autor.
505 _aReferencias conceptuales para el ser de la universidad -- Pedagogía lasallista universitaria -- la investigación lasallista en la universidad -- El acompañamiento lasallista en acción
520 _aEste homenaje a uno de los pensadores lasallista más importantes en los últimos cincuenta años de historia de la universidad de la Salle, Bogotá, debe leerse como un libro de historia en su sentido más pleno.
650 1 4 _aHumanismo
_xIdeología
_92438
942 _2ddc
_cBK